NLSUI OPAC header image

A reader on the law of the business enterprise (Record no. 46)

MARC details
000 -LEADER
fixed length control field 00606nam a2200205Ia 4500
003 - CONTROL NUMBER IDENTIFIER
control field OSt
005 - DATE AND TIME OF LATEST TRANSACTION
control field 20201120164306.0
008 - FIXED-LENGTH DATA ELEMENTS--GENERAL INFORMATION
fixed length control field 160316s1994 xxu||||| |||| 00| 0 eng d
040 ## - CATALOGING SOURCE
Transcribing agency .
082 ## - DEWEY DECIMAL CLASSIFICATION NUMBER
Classification number 346.066000
Item number WHE
100 ## - MAIN ENTRY--PERSONAL NAME
Personal name Wheeler Sally
245 ## - TITLE STATEMENT
Title A reader on the law of the business enterprise
260 ## - PUBLICATION, DISTRIBUTION, ETC.
Place of publication, distribution, etc. Oxford
Name of publisher, distributor, etc. Oxford University Press
Date of publication, distribution, etc. 1994
300 ## - PHYSICAL DESCRIPTION
Extent 506p
365 ## - TRADE PRICE
Price amount Rs.1,350.20
650 ## - SUBJECT ADDED ENTRY--TOPICAL TERM
Topical term or geographic name entry element 1. Business Laws- U K2. Company Law - U K3. Corporate Law - U K
700 ## - ADDED ENTRY--PERSONAL NAME
Personal name
--
856 ## - ELECTRONIC LOCATION AND ACCESS
Uniform Resource Identifier <a href="/cgi-bin/koha/opac-retrieve-file.pl?id=12968e665b0334dbcba9a4274b8048d4">/cgi-bin/koha/opac-retrieve-file.pl?id=12968e665b0334dbcba9a4274b8048d4</a>
942 ## - ADDED ENTRY ELEMENTS (KOHA)
Source of classification or shelving scheme Dewey Decimal Classification
Koha item type BOOKs
Holdings
Withdrawn status Lost status Damaged status Not for loan Home library Current library Shelving location Date acquired Cost, normal purchase price Total Checkouts Full call number Barcode Date last seen Price effective from Koha item type
        NLS NLS   30/05/2017 1350.20   346.066 WHE 17806 14/06/2024 30/05/2017 BOOKs